Impossible Dog breeds Quiz - Statistics

General Stats
  • This quiz has been taken 264 times
  • The average score is 9 of 15
Answer Stats
Picture Answer % Correct
German shepherd
90%
French Bulldog
86%
Dalmatian
85%
Pomeranian
85%
Shar Pei
76%
St Bernard
74%
bull terrier
71%
poodle
65%
Cavalier king charles spaniel
64%
Italian Greyhound
56%
Bichon Frise
34%
Cane corso
30%
Staffordshire Bull Terrier
27%
Chinese crested dog
21%
Pointer
4%
No matching quizzes found
Score Distribution
Percent of People with Each Score
Percentile by Number Answered
Your Score History
You have not taken this quiz